| 000 | 00563nam a2200229Ia 4500 | ||
|---|---|---|---|
| 003 | OSt | ||
| 005 | 20220928104122.0 | ||
| 006 | a|||||r|||| 00| 0 | ||
| 007 | ta | ||
| 008 | 220927b |||||||| |||| 00| 0 eng d | ||
| 024 | _a62769 | ||
| 037 | _cTextual | ||
| 040 |
_aSDCL _cSDCL _beng |
||
| 041 |
_2eng _aeng |
||
| 082 | _aQ22:224, N4 | ||
| 100 |
_aMishra Binda parsad _9408915 |
||
| 245 | 0 | _aNaradiya jootish. | |
| 260 | _c1994 | ||
| 300 |
_a263p. _ccm. |
||
| 942 |
_hQ22:224, N4 _cTEXL _2CC |
||
| 999 |
_c724444 _d724444 |
||